Кн. 1 : Основные методы. Теория полюсов; Математика и САПР

Dades bibliogràfiques
Parent link:Математика и САПР: в 2 кн./ под ред. Н. Г. Волкова. Кн. 1 : Основные методы. Теория полюсов.— , 1988-1989
Altres autors: Шенен П., Коснар М., Гардан И., Робер Ф., Робер И., Витомски П., Кастельжо П.
Idioma:rus
Publicat: 1988
Matèries:
Format: Llibre
KOHA link:https://koha.lib.tpu.ru/cgi-bin/koha/opac-detail.pl?biblionumber=159041

MARC

LEADER 00000nam2a2200000 4500
001 159041
005 20231031154907.0
035 |a (RuTPU)RU\TPU\book\172488 
090 |a 159041 
100 |a 20090502d1988 k y0rusy50 ca 
101 1 |a rus  |c fre 
102 |a RU 
105 |a a z 000zy 
200 1 |a Кн. 1 : Основные методы. Теория полюсов  |f П. Шенен [и др.] 
210 |d 1988 
215 |a 204 с.  |c ил. 
461 1 |0 (RuTPU)RU\TPU\book\151865  |t Математика и САПР  |o в 2 кн.  |o пер. с фр.  |f под ред. Н. Г. Волкова  |v Кн. 1 : Основные методы. Теория полюсов  |d 1988-1989 
610 1 |a математика 
610 1 |a САПР 
610 1 |a методы 
610 1 |a полюса 
675 |a 658.512.2  |v 3 
701 1 |a Шенен  |b П. 
701 1 |a Коснар  |b М. 
701 1 |a Гардан  |b И. 
701 1 |a Робер  |b Ф. 
701 1 |a Робер  |b И. 
701 1 |a Витомски  |b П. 
701 1 |a Кастельжо  |b П. 
801 1 |a RU  |b 63413507  |c 20090502  |g PSBO 
801 2 |a RU  |b 63413507  |c 20160414  |g PSBO 
942 |c BK